|
|
|
|
| LEADER |
05300nam a22004935i 4500 |
| 001 |
978-1-4419-7612-3 |
| 003 |
DE-He213 |
| 005 |
20151121023929.0 |
| 007 |
cr nn 008mamaa |
| 008 |
101113s2011 xxu| s |||| 0|eng d |
| 020 |
|
|
|a 9781441976123
|9 978-1-4419-7612-3
|
| 024 |
7 |
|
|a 10.1007/978-1-4419-7612-3
|2 doi
|
| 040 |
|
|
|d GrThAP
|
| 050 |
|
4 |
|a LC8-6691
|
| 072 |
|
7 |
|a YQT
|2 bicssc
|
| 072 |
|
7 |
|a EDU039000
|2 bisacsh
|
| 082 |
0 |
4 |
|a 371.33
|2 23
|
| 245 |
1 |
0 |
|a Multiple Perspectives on Problem Solving and Learning in the Digital Age
|h [electronic resource].
|
| 264 |
|
1 |
|a New York, NY :
|b Springer New York,
|c 2011.
|
| 300 |
|
|
|a XIX, 398 p.
|b online resource.
|
| 336 |
|
|
|a text
|b txt
|2 rdacontent
|
| 337 |
|
|
|a computer
|b c
|2 rdamedia
|
| 338 |
|
|
|a online resource
|b cr
|2 rdacarrier
|
| 347 |
|
|
|a text file
|b PDF
|2 rda
|
| 505 |
0 |
|
|a Investigating an online museum’s information system -- A framework for matching aims, processes, learner expertise and technologies -- Web-based learning objects in school education -- A monitoring and experience sharing tool.– Constructing a knowledge base according to a text comprehension model -- First-person education and the nature of knowing, understanding, and affect -- Socio-cognitive regulation strategies in cooperative learning tasks in virtual contexts -- Collaborative cognitive tools for shared representations -- Automating the measurement of critical thinking for individuals particIpating in discussion forums -- Alternative assessment strategies for complex problem solving in game-based learning environments -- Concept map based intelligent knowledge assessment system: experience of development and practical use -- Technologies to support the assessment of complex learning in capstone units: Two case studies -- Text-guided automated self -- Comparing the impact of electronic performance support and web-based training -- Moving beyond teaching and learning into a human development paradigm -- Leaders for the 21st century: Preparation, experiences, and roles in technology implementation -- Pedagogy and content knowledge based podcasting project for preservice teachers -- Simulation game as a learning experience: An analysis of learning style and attitude -- Implementation of an online social annotation tool in a college english course -- Self-direction indicators for evaluating the design-based elearning course with social software -- Employing virtual collaborative exchanges to expand global awareness -- Ideas and concepts of ViCaDiS – A virtual learning environment for digital students.
|
| 520 |
|
|
|a Multiple Perspectives on Problem-Solving and Learning in the Digital Age Dirk Ifenthaler, Kinshuk, Pedro Isaias, Demetrios G. Sampson, J. Michael Spector, editors Have computers made problem-solving easier? The answer is a resounding yes and no: while we can access more information and increasingly sophisticated search engines, problems themselves are more complicated, and often more vague. Accordingly, new strategies for teaching problem-solving should be technologically astute, engage learners, and encourage progressive development of skills. The perspectives represented in Multiple Perspectives on Problem-Solving and Learning in the Digital Age include instructional design, cognition, assessment, schooling/teaching, and virtual environments, with emphasis on technologies that not only promote problem-solving, but also address new problems created by rapidly changing technology. Innovative new tools such as MAPLET (a learner-focused framework for integrating technology into curricula), the virtual learning environment ViCaDiS, and interactive online museum exhibits demonstrate the complex nature of problem-solving and the diverse ways in which learners—and instructors—achieve expertise. A sampling of the topics covered: • Pedagogical usability issues in Web-based learning objects. • Collaborative cognitive tools for shared representation. • Automated measurement of critical thinking for discussion forum participants. • Expanding global awareness with virtual collaboration. • Simulation games as learning experience. • Beyond teaching and learning: the human development paradigm. Multiple Perspectives on Problem-Solving and Learning in the Digital Age re-draws the boundaries of curriculum design and distributed knowledge. This volume will be a welcome addition to education libraries, and a forward-looking reference for academics and professionals in the field of technology integration in learning and instruction.
|
| 650 |
|
0 |
|a Education.
|
| 650 |
|
0 |
|a Educational technology.
|
| 650 |
|
0 |
|a Educational psychology.
|
| 650 |
|
0 |
|a Education
|x Psychology.
|
| 650 |
1 |
4 |
|a Education.
|
| 650 |
2 |
4 |
|a Educational Technology.
|
| 650 |
2 |
4 |
|a Educational Psychology.
|
| 650 |
2 |
4 |
|a Learning & Instruction.
|
| 700 |
1 |
|
|a Ifenthaler, Dirk.
|e editor.
|
| 700 |
1 |
|
|a Spector, J. Michael.
|e editor.
|
| 700 |
1 |
|
|a Isaias, Pedro.
|e editor.
|
| 700 |
1 |
|
|a Sampson, Demetrios.
|e editor.
|
| 710 |
2 |
|
|a SpringerLink (Online service)
|
| 773 |
0 |
|
|t Springer eBooks
|
| 776 |
0 |
8 |
|i Printed edition:
|z 9781441976116
|
| 856 |
4 |
0 |
|u http://dx.doi.org/10.1007/978-1-4419-7612-3
|z Full Text via HEAL-Link
|
| 912 |
|
|
|a ZDB-2-SHU
|
| 950 |
|
|
|a Humanities, Social Sciences and Law (Springer-11648)
|